| 000 | 00728nam a2200253Ia 4500 | ||
|---|---|---|---|
| 003 | OSt | ||
| 005 | 20220926012947.0 | ||
| 006 | a|||||r|||| 00| 0 | ||
| 007 | ta | ||
| 008 | 220923b |||||||| |||| 00| 0 eng d | ||
| 020 | _a0155415433 | ||
| 037 | _cGeneral Book | ||
| 040 |
_aRTL _cRTL _beng |
||
| 041 |
_2eng _aeng |
||
| 082 | _aX:54, L1 | ||
| 100 |
_aKreinin Mordechai E _923306 |
||
| 245 | 0 |
_aInternational economics _b A policy approach |
|
| 260 |
_aNew York _bHarcourt USA _c1971 |
||
| 300 |
_axv,379p. Appendixes p 343-63 _ccm. |
||
| 490 | _aHarbrace series in business and economics | ||
| 650 | _aExport | ||
| 942 |
_hX:54, L1 _cGB _2CC |
||
| 999 |
_c624810 _d624810 |
||